000 01266cam a2200229 4500
001 ABS63485
008 000000n2000 000 0 eng u
035 _a(Sirsi) u110381
100 _aBarber, T.
245 _aFunding heritage-led regeneration
260 _c2000
490 _aContext
_v(68) December 2000, 16-18(3)
520 _aOutlines the major sources of funding for heritage-led regeneration schemes, other than CADW, English Heritage and Historic Scotland. Sources of funding discussed include the Regional Development Agencies, the Landfill Tax Credit Scheme, English Heritage's Heritage Economic Regeneration Scheme (HERS), charitable trusts, Section 106 agreements and the Single Regeneration Budget. The European Regional Development (ERDF), which is available in areas covered by either Objective 1 or 2 status, is considered as is the Heritage Lottery Fund's Townscape Heritage Initiative (THI) and sources of funding specific to Wales, Scotland and Northern Ireland. Examples of schemes and types of project funded are given in each case.
590 _aABS
650 _aHISTORIC AREAS
650 _aHISTORIC BUILDINGS
650 _aFUNDING
650 _aHERITAGE PROPERTY
650 _aGRANTS
690 _aREGENERATION
942 _n0
999 _c65806
_d65806